000 01094cam a22002771i 4500
003 SA-RiAUC
005 20241008072919.0
008 241007s2018____su f 00010 ara c
020 _a9786030070510
040 _aSA-MaUQU
_bara
_cSA-RiAUC
_erda
082 0 4 _a257.1
_qSA-RiAUC
090 _a257.1
_bس ف ر
100 1 _aسفر، حسن محمد،
_d1373 هجري-
_eمؤلف.
245 1 2 _aالنظام السياسي والقانون الدستوري في الإسلام /
_cتأليف حسن بن محمد سفر.
250 _aالطبعة الثالثة.
264 1 _aجدة، السعودية :
_bحسن محمد سفر،
_c2018
300 _a144، 64 صفحة ؛
_c24 سم
336 _aنص
_btxt
_2rdacontent
_3كتاب
337 _aبدون وسيط
_bn
_2rdamedia
338 _aمجلد
_bnc
_2rdacarrier
650 7 _aالنظام السياسي في الإسلام
_2aucsh
650 7 _aنظم الحكم في الإسلام
_2aucsh
650 7 _aالإسلام والقانون الدستوري
_2aucsh
942 _2ddc
_cBOOK
_n0
949 _aSA-JeALM
_d241007
_umohamedma123
_n1
999 _c998
_d998